000 00872cam a22002414a 4500
001 12160197
005 20180104044738.0
008 000831s2001 dcu b 001 0 eng
010 _a 00045527
020 _a1568024495 (pbk. : alk. paper)
040 _aDLC
_cDLC
_dDLC
041 _aeng
042 _apcc
080 _a338.9
082 0 0 _a338.9 ADO
_221
100 1 _a19
101 _aSHP
245 1 0 _aComparing public policies :
_cJessica R. Adolino, Charles H. Blake.
504 _aIncludes bibliographical references (p. 377-385) and index.
906 _a7
_bcbc
_corignew
_d1
_eocip
_f20
_gy-gencatlg
942 _2ddc
_cBK
999 _c39694
_d39694